00736nam a2200181 i 4500001000700000003000900007005001700016007000300033008004100036245015800077260004600235300002200281700003600303710004200339852003200381999001900413952012200432149710ES-MaACL20230906203224.0t|071024s1967 sp ||||1| spa d00aVarones insignes de la Congregación de Valladolid b: según un manuscrito del siglo XVIII / cprologado y completado por Fray Justo Pérez de Urbel. aPontevedra : bMuseo Provincial, c[1967] a370 p. ; c25 cm.1 aPérez de Urbel, Justo.9908122 aMuseo Provincial de Pontevedra.95918 aES-MaACLjC-32953 bR.63679 c149710d149710 00104070aATENEOMbATENEOMcDEPO2d2008-01-17eSCl0oC-32953p1156226r2023-02-23 00:00:00w2023-02-23yMONOGRAFIA